000 00301nam a22001337a 4500
008 170712b xxu||||| |||| 00| 0 eng d
020 _a0070057036
041 _aeng
080 _24 ED
_a038
100 _a23
101 _aFJA
245 _aGOULD MEDICAL DICTIONARY
_cBLAKON.M
942 _2udc
_cBK
999 _c20328
_d20328